000 00502nam a2200169 4500
001 110081
003 ES-MaACL
005 20230906184955.0
007 t|
008 061121s1973 sp r ||||1| spa d
100 1 _aOraison, Marc.
_987144
245 1 3 _aEl azar y la vida /
_cMarc Oraison ; traducción Victorio Peral Domínguez.
260 _aMadrid :
_bEspasa Calpe,
_c1973.
300 _a126 p. ;
_c23 cm.
700 1 _aPeral Domínguez, Victorio.
_990355
852 _aES-MaACL
_jC-55197
_bR.87859
999 _c110081
_d110081